Animals in European Languages - Statistics

General Stats
  • This quiz has been taken 62 times
  • The average score is 13 of 24
Answer Stats
Hint Answer % Correct
Italian Cat Gatto
84%
German Dog Hund
80%
French Cat Chat
76%
German Fish Fisch
74%
French Dog Chien
72%
Spanish Cat Gato
72%
German Cat Katze
66%
French Fish Poisson
66%
Italian Chicken Pollo
66%
Spanish Chicken Pollo
66%
Spanish Dog Perro
64%
German Pig Schwein
58%
Spanish Horse Caballo
56%
French Horse Cheval
56%
German Horse Pferd
56%
Italian Fish Pesce
42%
German Chicken Hähnchen
40%
French Pig Porc
40%
Italian Dog Cane
38%
French Chicken Poulet
38%
Italian Horse Cavallo
30%
Spanish Fish Pez
30%
Spanish Pig Cerdo
24%
Italian Pig Maiale
16%
No matching quizzes found
Score Distribution
Percent of People with Each Score
Percentile by Number Answered
Your Score History
You have not taken this quiz